| Record ID | marc_loc_updates/v36.i32.records.utf8:6589776:928 |
| Source | Library of Congress |
| Download Link | /show-records/marc_loc_updates/v36.i32.records.utf8:6589776:928?format=raw |
LEADER: 00928cam a2200325 a 4500
001 2007040464
003 DLC
005 20080806094347.0
008 071001s2008 nyu 000 1 eng
010 $a 2007040464
020 $a9780393062328
020 $a0393062325
035 $a(OCoLC)ocn173748696
035 $a(OCoLC)173748696
040 $aDLC$cDLC$dBAKER$dBTCTA$dYDXCP$dC#P$dDLC
043 $an-us-ca
050 00 $aPS3562.E339$bW73 2008
082 00 $a813/.54$222
100 1 $aLee, Don,$d1959-
245 10 $aWrack and ruin :$ba novel /$cDon Lee.
250 $a1st ed.
260 $aNew York :$bW.W. Norton & Co.,$cc2008.
300 $a333 p. ;$c22 cm.
650 0 $aBrothers$vFiction.
650 0 $aSculptors$vFiction.
650 0 $aFarmers$vFiction.
650 0 $aMotion picture producers and directors$vFiction.
651 0 $aCalifornia$vFiction.
655 7 $aSatire.$2gsafd
655 7 $aHumorous fiction.$2gsafd